000
00286nam a2200121Ia 4500
008
190216s9999||||xx |||||||||||||| ||und||
100
_a
Sherlekar S A
245
0
_a
Marketing Management
260
_b
Himalaya Publishing House
_c
2000
300
_a
556p
650
_a
Commerce
942
_c
BK
999
_c
5921
_d
5921